• AIU
  • Tony Wilmot Memorial Library
Normal view MARC view

Entry Topical Term

Number of records used in: 1

001 - CONTROL NUMBER

  • control field: 44348

003 - CONTROL NUMBER IDENTIFIER

  • control field: OSt

005 - DATE AND TIME OF LATEST TRANSACTION

  • control field: 20180119153711.0

008 - FIXED-LENGTH DATA ELEMENTS

  • fixed length control field: 180119|| aca||aabn | a|a d

040 ## - CATALOGING SOURCE

  • Original cataloging agency: OSt
  • Transcribing agency: OSt

600 ## -

  • : Interpersonal relations.

670 ## - SOURCE DATA FOUND

  • Source citation: Work cat.: (OSt)31215: Berne, Eric. 44347, Games people play : , [1964]